000 00917nam a2200277 a 4500
001 BRL_1298
005 20190320211131.0
008 020114t1945----ag-o######---#000-0#spa-#
041 _aspa
044 _aag
050 4 _aF2230.1.S7
_b.V47 1945
100 1 _aVerger, Pierre
_923079
245 1 0 _aFiestas y danzas, en el Cuzco y los Andes
_cPierre Verger ; prólogo de Luis E. Valcárcel.
260 _aBuenos Aires
_bSudamericana
_c1945
300 _a199 p.
_bil., 148 láminas
_c26 cm.
500 _aEstado físico: camisa rota
500 _aAu1539
500 _aTexto en: español, inglés y francés
500 _aArte documental
650 1 4 _aIndígenas de América del Sur
_xVida social y costumbres
_926424
650 1 4 _aFestivales
_zAmérica Latina
_926425
650 1 4 _aDanzas indígenas
_zAmérica del Sur
_926426
700 1 _aValcárcel, Luis E.
_epról.
_926427
902 _aGRL
942 _2lcc
_cB
999 _c10110
_d10110